Sugarcane and sugar in Gorakhpur : an inquiry into peasant production for capitalist enterprise in colonial India /

Bibliographic Details
Main Author: Amin, Shahid
Format: Book
Language:English
Published: Delhi : Oxford University Press, 1984.
Series:Oxford University South Asian studies series.
Subjects:

MARC

Tag First Indicator Second Indicator Subfields
LEADER 00000cam a2200000 a 4500
001 in00000552921
005 20151014051757.0
008 840907s1984 ii abf b 00110 eng d
020 |a 019561545X :  |c Rs140.00 ($29.95 U.S.) 
035 |a (OCoLC)11127866 
035 |9 ACJ6071AM 
040 |a PIT  |c PIT  |d AGL  |d TXA  |d UtOrBLW 
043 |a a-ii--- 
049 |a TXAM  |c [A08278565] 
070 0 |a HD9116.I415G62 
072 0 |a Q004  |a E700 
090 |a HD9116.I415  |b G62 1984 
100 1 |a Amin, Shahid. 
245 1 0 |a Sugarcane and sugar in Gorakhpur :  |b an inquiry into peasant production for capitalist enterprise in colonial India /  |c Shahid Amin. 
264 1 |a Delhi :  |b Oxford University Press,  |c 1984. 
300 |a xxii, 336 pages, 6 unnumbered pages of plates :  |b illustrations, maps ;  |c 23 cm. 
336 |a text  |b txt  |2 rdacontent 
337 |a unmediated  |b n  |2 rdamedia 
338 |a volume  |b nc  |2 rdacarrier 
490 1 |a Oxford University South Asian studies series 
500 |a Includes index. 
504 |a Bibliography: pages [305]-322. 
650 0 |a Sugarcane industry  |z India  |z Gorakhpur (District)  |x History. 
650 0 |a Sugar trade  |z India  |z Gorakhpur (District)  |x History. 
650 0 |a Sugar workers  |z India  |z Gorakhpur (District)  |x History. 
830 0 |a Oxford University South Asian studies series. 
999 |a MARS 
999 f f |s b671854f-a49d-3267-9521-d6122419d65d  |i 5204ab76-cfa5-3741-8bad-f05dcda31aeb  |t 0 
952 f f |p ric  |a Texas A&M University  |b Rellis Campus  |c Joint Library Facility  |d Remote Storage  |t 0  |e HD9116.I415 G62 1984  |h Library of Congress classification  |i unmediated -- volume  |m A14808278565 
998 f f |a HD9116.I415 G62 1984  |t 0  |l Remote Storage